000 00352 a2200169 4500
001 187876
020 _a85-16-05108-0
040 _cMagnum
100 _aAzevedo, Ricardo
240 1 0 _aChega de saudade
_lpor
245 1 0 _aChega de saudade
300 _a128
362 0 _a2006
440 1 _aModerna
697 _aLITERATURA JUVENIL
942 _cBK
999 _c187876
_d187876